Villa Borghese : Roma /

Saved in:
Bibliographic Details
Main Author: Campitelli, Alberta.
Corporate Author: Italy. Ministero per i beni culturali e ambientali.
Format: Book
Language:Italian
Published: Roma : Istituto poligrafico e Zecca dello Stato, Libreria dello Stato, c1997.
Series:Itinerari dei musei, gallerie, scavi e monumenti d'Italia ; nuova ser., n. 46.
Subjects:
Tags: Add Tag
No Tags, Be the first to tag this record!
LEADER 01116nam a2200277 a 4500
001 007717616-2
005 20121031170208.0
008 031020s1997 it ae b 000 0 ita d
020 |a 8824037879 :  |c L18000. 
035 0 |a ocm37897215 
040 |a ItFiC  |b eng  |c ItFiC  |d CStRLIN  |d CMalG  |d NNMM 
043 |a e-it 
100 1 |a Campitelli, Alberta. 
245 1 0 |a Villa Borghese :  |b Roma /  |c Alberta Campitelli. 
260 |a Roma :  |b Istituto poligrafico e Zecca dello Stato, Libreria dello Stato,  |c c1997. 
300 |a 99 p. :  |b col. ill., plans ;  |c 21 cm. 
490 1 |a Itinerari dei musei, gallerie, scavi e monumenti d'Italia. Nuova serie ;  |v 46 
500 |a At head of title: Ministero per i beni culturali e ambientali. 
504 |a Includes bibliographical references (p. 89-93) 
610 2 0 |a Villa Borghese (Rome, Italy) 
650 0 |a Architecture, Domestic  |z Italy  |z Rome. 
650 0 |a Borghese family  |x Homes and haunts. 
710 1 |a Italy.  |b Ministero per i beni culturali e ambientali. 
830 0 |a Itinerari dei musei, gallerie, scavi e monumenti d'Italia ;  |v nuova ser., n. 46. 
988 |a 20031020 
906 |0 VEN